| 000 | 00956nam a2200289Ia 4500 | ||
|---|---|---|---|
| 003 | GCL | ||
| 008 | 140319s9999 xx 000 0 ara d | ||
| 040 |
_aGCL / _cGCL |
||
| 082 | 0 | 4 |
_a913.031 _bب ا |
| 100 | 1 | _aمارون عيسى الخورى | |
| 245 | 1 | 0 |
_aالاثار الشرقية : لحضارات كلدية واثور وبابل وسورية وفينيقية واليهودية وقرطاجة وقبرص / _cمارون عيسى الخورى |
| 700 | 1 | _aبابلون، ارنست | |
| 260 |
_aبيروت : _bدار جروس للنشر والتوزيع ، _c1987 |
||
| 300 |
_a271 ص ؛ _c24 سم |
||
| 490 | _a | ||
| 650 | 0 | 4 | _aالمدن |
| 650 | 0 | 4 | _aالصناعة |
| 650 | 0 | 4 | _aالمعابد |
| 650 | 0 | 4 | _aالحلى |
| 650 | 0 | 4 | _aالاثار |
| 650 | 0 | 4 | _aالفن |
| 650 | 0 | 4 | _aالنحت |
| 650 | 0 | 4 | _aالنقوش |
| 650 | 0 | 4 | _aالنقوش المعمارية |
| 650 | 0 | 4 | _aالشرق القديم |
| 942 |
_2ddc _cBK |
||
| 999 |
_c58214 _d58214 |
||